| 000 | 00936nam a2200289 i 4500 | ||
|---|---|---|---|
| 001 | bg | ||
| 100 | 1 | _aBabbie, Earl R. | |
| 245 | 1 | 0 |
_aPodstawy badań społecznych / _cEarl Babbie ; tł. Witold Betkiewicz [et al.]. |
| 246 | 1 |
_iTyt. oryg.: _aBasics of social research |
|
| 260 |
_aWarszawa : _bWydawnictwo Naukowe PWN, _c2008. |
||
| 300 |
_a577, [1] s. : _bil. ; _c24 cm. |
||
| 500 | _aTyt. oryg.: "The basics of social research" 2005. | ||
| 504 | _aBibliogr. s. 555-567. Indeks. | ||
| 650 | 9 |
_aNauki społeczne _xmetodologia |
|
| 655 | _aPodręczniki akademickie | ||
| 700 | 1 |
_aBetkiewicz, Witold. _eTł. |
|
| 015 | _aPB 10322/2008 | ||
| 020 | _a9788301151553 | ||
| 040 | _cBPK | ||
| 041 | 1 |
_apol _heng |
|
| 044 | _aPOL | ||
| 080 | _a303(075.8) | ||
| 920 | _a978-83-01-15155-3 | ||
| 942 | _cKS | ||
| 008 | 080416s2008 pl a |001 0 pol | ||
| 999 |
_c54826 _d54826 |
||
| 856 |
_uhttp://koha.tu.koszalin.pl/cgi-bin/koha/opac-detail.pl?biblionumber=54826 _yKatalog online BPK |
||